00325nam a2200121Ia 4500008004100000041000800041082001400049100001500063245004500078260004000123300003100163365000900194240624s9999 xx 000 0 und d aeng a332.1 STO aSTONE AMEY aKING OF CAPITAL SANDY WELL AND THE MAKIN c2002aNew YorkbJohn Wiley and Sons axiv, : 306 : p. : cm. ; 23 cb40